00546 2200169 4500001002100000005001500021035002000036007000300056008003900059082000700098084001300105100001100118245017200129260004600301650001400347990001500361INLIS00000000000988120260413124202 a0010-0426000190ta260413 | | |  a11 a11 ALP a0 aALPINA1 aANALISIS PELAYANAN ADMINISTRASI DALAM INVENTARISASI DATA INOVASI DAERAH TAHUN 2023 MELALUI SISTEM JEMPUT BOLA DI BAPPEDALITBANG KABUPATEN KATINGAN TAHUN 2024 /cALPINA aPALANGKA RAYA :bPERPUSTAKAAN UMPR,c2026 4aPELAYANAN a2311228760